Diligencias igualadinas : 1860 - 1960 1860 - 1960
Publicado:
[s.l., s.n.] (Igualada, P. Bas) :
1960
Descripción Física:
[48] p. : il. ; 16 x 21'5 cm
Materias:
Diligències -- Igualada -- Centenaris
MARC
| LEADER | 00000nam a2200000Ia 4500 | ||
|---|---|---|---|
| 001 | 8189 | ||
| 008 | 160829s1960 xx 000 0 cat d | ||
| 080 | |a FU-7-54 | ||
| 245 | |a Diligencias igualadinas : |b 1860 - 1960 | ||
| 250 | |a 3a ed. | ||
| 260 | |a [s.l., s.n.] (Igualada, P. Bas), |c 1960 | ||
| 300 | |a [48] p. : |b il. ; |c 16 x 21'5 cm | ||
| 590 | |a Edició commemorativa del viatge de retorn de la diligència igualadina. Patrocinat per la Diputació de Barcelona amb motiu de les festes de la Mercè. | ||
| 590 | |a Hi ha un duplicat: DUP-65-13 | ||
| 650 | |a Diligències |x Igualada |x Centenaris |9 37701 | ||
| 901 | |a Arxiu | ||
| 942 | |n 1 | ||
| 952 | |0 0 |1 0 |4 0 |6 FU754 |7 1 |9 48008 |a Arxiu |b Arxiu |d 2016-12-01 |l 0 |o FU-7-54 |p 8189 |r 2016-12-01 00:00:00 |w 2016-12-01 |y ARXIU | ||
| 999 | |c 51809 |d 51809 | ||